Finance and Accounting for Nonfinancial Managers
Salvato in:
| Autore principale: | |
|---|---|
| Natura: | Libro |
| Lingua: | inglese |
| Pubblicazione: |
Reading
Addison-Wesley Publ. Co.
1990
|
| Edizione: | 3. ed. |
| Soggetti: | |
| Tags: |
Nessun Tag, puoi essere il primo ad aggiungerne!!
|
MARC
| LEADER | 00000nam a2200000 4500 | ||
|---|---|---|---|
| 001 | c019625 | ||
| 005 | 20221206122423.5 | ||
| 020 | |a 0-201-55037-7 | ||
| 041 | 0 | |a eng | |
| 044 | |a US | ||
| 245 | 1 | 0 | |a Finance and Accounting for Nonfinancial Managers |c William G. Droms |
| 250 | |a 3. ed. | ||
| 264 | 1 | |a Reading |b Addison-Wesley Publ. Co. |c 1990 | |
| 300 | |a 244 s. | ||
| 610 | 2 | 0 | |a účtovníctvo manažérske |
| 610 | 2 | 0 | |a financie |
| 610 | 2 | 0 | |a účtovníctvo finančné |
| 610 | 2 | 0 | |a manažment |
| 610 | 2 | 0 | |a riadenie |
| 610 | 2 | 0 | |a podnikanie obchodné |
| 100 | 1 | |a Droms, William G. | |